Statistics for Districts of Kerala on a Map

Click here to take the quiz!

General Stats

  • This quiz has been taken 19 times
  • The average score is 10 of 14

Answers on the Map

Answers color-coded by a green-red scale on the quiz's map according to % correct below.
Loading ...
 

Answer Stats

Answer% Correct
Thiruvananthapuram
100%
Kollam
87%
Kozhikode
87%
Palakkad
87%
Kannur
80%
Thrissur
80%
Wayanad
80%
Alappuzha
73%
Ernakulam
73%
Malappuram
73%
Pathanamthitta
67%
Kottayam
60%
Idduki
53%
Kasaragod
47%

Score Distribution

Percentile by Number Answered

Percent of People with Each Score

Your Score History

You have not taken this quiz